000 00974nam a22002297a 4500
003 OSt
005 20250205062523.0
008 240819b ||||| |||| 00| 0 eng d
040 _c0
082 _aDPer 370.15 J826 April - May 2021 v113no. 3-4
100 _aJaekel, Ann-Kathrin.
_eauthor.
_962276
245 _aHow students' perceptions of teaching quality in one subject are impacted by the grades they receive in another subject:
_bdimensional comparisons in student evaluations of teaching quality /
_c Ann-Kathrin Jaekel, Richard Gollner, and Ulrich Trautwein.
260 _aWashington;
_b American Psychological Association,
_c May 2021.
300 _avolume 113, pages 770-783,
_billlustration.
650 0 _aPsychology.
_91184
650 0 _aStudents.
_919468
650 0 _aTeaching.
_96109
700 _aJaekel, Ann-Kathrin.
_eauthor.
_962276
700 _aGollner, Richard.
_eauthor.
_958295
700 _aTrautwein, Ulrich.
_eauthor.
_958296
942 _2ddc
_cPER
999 _c20647
_d20647